| 000 | 00404nam a22001577a 4500 | ||
|---|---|---|---|
| 005 | 20240710110743.0 | ||
| 008 | 240710b |||||||| |||| 00| 0 eng d | ||
| 020 | _a0237351943 | ||
| 050 |
_aTT 157 .D8 1974 _bC. 1 |
||
| 100 | _aDAVIES, RITA | ||
| 245 | _aLET'S MAKE A PICTURE | ||
| 260 |
_aLONDON _bEVANS BROTHERS LIMITED _c1974 |
||
| 300 | _a32P.: ILL. | ||
| 650 | _aART EDUCATION | ||
| 942 |
_2lcc _cBK |
||
| 999 |
_c210519 _d210519 |
||